000 01463nam0a22003371 4500
001 RU\NLR\INFOCOMM_161\5000047088
005 20250613091851.0
035 _a(NLR Aleph) 009135177
090 _a8301601
_c8301601
100 _a20090821d1970 |||y0rusy50 ca
101 0 _afre
_deng
_drus
102 _aRU
105 _aa ||||000|y
200 1 _aDétermination de la base des degrés-jours
_dОпределение основы градус-суток
_dDetermination of the basis of degree-days
_fPar A. Böhm (Italie)
_g11-ème Congés international de l'industrie du gaz, [Moscou, 9 au 13 juin 1970]
_zeng
_zrus
210 _aΜ.
_d1970
215 _a20 с.
_cграфик.
_d20 см
300 _aЗагл. и надзаголовок также на англ. и рус. яз.
300 _aРезюме на англ. и рус. яз.
309 _aОтпеч. множит. аппаратом "IGU/E33-70"
320 _aБиблиогр.: с. 17-18
510 1 _aDetermination of the basis of degree-days
_zeng
510 1 _aОпределение основы градус-суток
_zrus
606 _aГазовое отопление
_xРегулирование
_2nlr_sh1
686 _aТ29-1046[И763.03-05]
_2rubbk
700 1 _aBöhm
_bA.
_4070
712 1 2 _aCongrès international de l'industrie du gaz
_d11
_eMoscou
_f1970
_4000
801 1 _aRU
_bNLR
_c20090821
801 0 _aRU
_bNLR
_gPSBO
852 _aNLR
_jТ81 Д-4/49
942 _cBOOK
980 _aNB